| 000 | 00604nam a22001937i 4500 | ||
|---|---|---|---|
| 999 |
_c23556 _d23556 |
||
| 003 | AR-CdUCM | ||
| 008 | 260330b20232023pe ||||| |||| 00| 0 spa d | ||
| 020 | _a978-612-49031-2-0 | ||
| 040 |
_aMUNICIPALIDAD PROVINCIAL DEL CUSCO _cBIBLIOTECA MUNICIPAL DEL CUSCO |
||
| 041 | _hspa | ||
| 082 |
_aPI / 863 _bS71 |
||
| 100 |
_aSotomayor, Jovanna _952399 |
||
| 245 | _aEl estanque de los animales / | ||
| 260 |
_aPerú : _bGrupo Empresarial Quimérica S.A.C. _c2023 |
||
| 300 |
_a31 páginas. : _c23x22,5 cm. |
||
| 856 | _fwww.grupoeditorialquimerica.com | ||
| 942 |
_2ddc _cLIBROS |
||
| 945 |
_aesh _d30-03-2026 |
||